000 00336nam a2200145Ia 4500
005 20251222153600.0
008 251222s9999||||xx |||||||||||||| ||spa||
020 _a8477290253
082 _a870.3/T59
100 _aTirado Zarco, Miguel
245 0 _aFrases Célebres
250 _a1ra.ed.
264 _bPerea Ediciones
942 _cLIB
999 _c31191
_d31191